Psoriasis : a guide to one of the commonest skin diseases /

Bibliographic Details
Main Author: Marks, Ronald
Format: Book
Language:English
Published: New York : Arco Pub., 1981.
Series:Positive health guide.
Subjects:

MARC

Tag First Indicator Second Indicator Subfields
LEADER 00000pam a2200000 a 4500
001 in00000082381
005 20151008061145.0
008 810309s1981 nyua 00110 eng
010 |a  81002191  
020 |a 0668052759 :  |c $11.95 
020 |a 0668052805 (pbk.) :  |c $6.95 
035 |a (OCoLC)07276826 
035 |9 AAJ7435AM 
039 0 |a 2  |b 3  |c 3  |d 3  |e 3 
040 |a DLC  |c DLC  |d TXA  |d UtOrBLW 
049 |a TXAM  |c [1196772] 
050 0 0 |a RL321  |b .M37 1981 
060 0 |a WR 205 M346p 
082 0 |a 616.5/26  |2 19 
100 1 |a Marks, Ronald. 
245 1 0 |a Psoriasis :  |b a guide to one of the commonest skin diseases /  |c Ronald Marks. 
264 1 |a New York :  |b Arco Pub.,  |c 1981. 
300 |a 107 pages :  |b illustrations (some color) ;  |c 23 cm. 
336 |a text  |b txt  |2 rdacontent 
337 |a unmediated  |b n  |2 rdamedia 
338 |a volume  |b nc  |2 rdacarrier 
490 1 |a Positive health guide 
500 |a Includes index. 
650 0 |a Psoriasis. 
650 2 |a Psoriasis  |x Popular works. 
830 0 |a Positive health guide. 
999 |a MARS 
999 f f |s 994327ff-445f-3a8c-9187-7b4453022797  |i 4811990a-f5cc-3fd5-9c64-f39ce250d14c  |t 0 
952 f f |p ric  |a Texas A&M University  |b Rellis Campus  |c Joint Library Facility  |d Remote Storage  |t 0  |e RL321 .M37 1981  |h Library of Congress classification  |i unmediated -- volume  |m A14806232602 
998 f f |a RL321 .M37 1981  |t 0  |l Remote Storage